[Event "Baku Chess Olympiad | Open"]
[Site "chess24.com"]
[Date "2016.09.12"]
[Round "10"]
[White "Kadric, Denis"]
[Black "Goh, Wei Ming Kevin"]
[Result "1-0"]
[Board "2"]
[WhiteID "14403803"]
[WhiteElo "2583"]
[WhiteTitle "GM"]
[WhiteCountry "BIH"]
[WhiteFideId "14403803"]
[WhiteEloChange "3"]
[BlackID "5800706"]
[BlackElo "2444"]
[BlackTitle "IM"]
[BlackCountry "SIN"]
[BlackFideId "5800706"]
[BlackEloChange "-3"]

1. d3 {[%clk 1:30:57]} d5 {[%clk 1:27:33]} 2. g3 {[%clk 1:31:21]} Nf6 {[%clk
1:27:11]} 3. Bg2 {[%clk 1:31:44]} g6 {[%clk 1:27:33]} 4. Nd2 {[%clk 1:31:44]} Bg7
{[%clk 1:19:06]} 5. e4 {[%clk 1:30:22]} Nc6 {[%clk 1:14:16]} 6. Ngf3 {[%clk
1:28:46]} e5 {[%clk 1:14:35]} 7. a3 {[%clk 1:28:43]} a5 {[%clk 1:14:28]} 8. b3
{[%clk 1:28:58]} O-O {[%clk 1:13:51]} 9. O-O {[%clk 1:29:13]} dxe4 {[%clk
1:07:20]} 10. dxe4 {[%clk 1:29:34]} b6 {[%clk 1:07:13]} 11. Re1 {[%clk 1:30:01]}
Ba6 {[%clk 1:05:02]} 12. Bb2 {[%clk 1:30:01]} Nd7 {[%clk 0:59:22]} 13. Bf1 {[%clk
1:19:06]} Bxf1 {[%clk 0:58:00]} 14. Nxf1 {[%clk 1:13:38]} Nc5 {[%clk 0:56:54]}
15. Qe2 {[%clk 1:14:05]} Qc8 {[%clk 0:39:28]} 16. Rad1 {[%clk 1:14:05]} Qe6
{[%clk 0:28:09]} 17. Ne3 {[%clk 0:57:50]} Rfd8 {[%clk 0:16:23]} 18. Nd5 {[%clk
0:55:49]} Rd7 {[%clk 0:15:59]} 19. b4 {[%clk 0:52:44]} Na4 {[%clk 0:14:55]} 20.
Ba1 {[%clk 0:51:14]} axb4 {[%clk 0:12:32]} 21. axb4 {[%clk 0:51:00]} Nd4 {[%clk
0:06:52]} 22. Nxd4 {[%clk 0:45:16]} exd4 {[%clk 0:07:21]} 23. Bxd4 {[%clk
0:45:42]} Bxd4 {[%clk 0:05:06]} 24. Rxd4 {[%clk 0:46:08]} Nc3 {[%clk 0:04:56]}
25. Qd2 {[%clk 0:45:18]} Nxd5 {[%clk 0:04:38]} 26. exd5 {[%clk 0:43:54]} Qf6
{[%clk 0:03:19]} 27. c4 {[%clk 0:40:13]} Rad8 {[%clk 0:03:19]} 28. Rf4 {[%clk
0:39:57]} Qg7 {[%clk 0:03:04]} 29. Rfe4 {[%clk 0:40:17]} h6 {[%clk 0:02:29]} 30.
Qf4 {[%clk 0:38:33]} Qf8 {[%clk 0:01:26]} 31. Kg2 {[%clk 0:38:48]} Kh7 {[%clk
0:01:26]} 32. b5 {[%clk 0:37:09]} Qd6 {[%clk 0:01:20]} 33. Qf3 {[%clk 0:37:17]}
Kg7 {[%clk 0:01:39]} 34. R1e3 {[%clk 0:37:37]} Ra8 {[%clk 0:01:38]} 35. Qe2
{[%clk 0:37:18]} Kh7 {[%clk 0:01:07]} 36. h4 {[%clk 0:36:20]} Ra3 {[%clk
0:00:58]} 37. Rxa3 {[%clk 0:35:25]} Qxa3 {[%clk 0:01:26]} 38. Re8 {[%clk
0:35:50]} Qc3 {[%clk 0:00:39]} 39. Rc8 {[%clk 0:32:12]} Qg7 {[%clk 0:00:33]} 40.
h5 {[%clk 1:01:49]} gxh5 {[%clk 0:30:39]} 41. Qe4+ {[%clk 1:01:22]} 1-0

[Event "Baku Chess Olympiad | Open"]
[Site "chess24.com"]
[Date "2016.09.12"]
[Round "10"]
[White "Tin, Jingyao"]
[Black "Dizdarevic, Emir"]
[Result "1-0"]
[Board "3"]
[WhiteID "5804418"]
[WhiteElo "2439"]
[WhiteTitle "IM"]
[WhiteCountry "SIN"]
[WhiteFideId "5804418"]
[WhiteEloChange "5"]
[BlackID "14400049"]
[BlackElo "2460"]
[BlackTitle "GM"]
[BlackCountry "BIH"]
[BlackFideId "14400049"]
[BlackEloChange "-5"]

1. d4 {[%clk 1:30:48]} e6 {[%clk 1:30:39]} 2. c4 {[%clk 1:31:03]} d5 {[%clk
1:29:41]} 3. Nf3 {[%clk 1:30:02]} dxc4 {[%clk 1:28:50]} 4. e3 {[%clk 1:29:15]} a6
{[%clk 1:25:28]} 5. a4 {[%clk 1:27:35]} Nf6 {[%clk 1:23:23]} 6. Bxc4 {[%clk
1:27:32]} c5 {[%clk 1:21:03]} 7. O-O {[%clk 1:27:13]} Nc6 {[%clk 1:20:46]} 8. Qe2
{[%clk 1:26:43]} cxd4 {[%clk 1:18:44]} 9. Rd1 {[%clk 1:26:53]} Be7 {[%clk
1:17:49]} 10. exd4 {[%clk 1:23:05]} O-O {[%clk 1:16:26]} 11. Nc3 {[%clk 1:23:24]}
Nb4 {[%clk 1:15:26]} 12. Bg5 {[%clk 1:14:57]} Bd7 {[%clk 1:12:18]} 13. Ne5 {[%clk
1:13:06]} Bc6 {[%clk 0:58:15]} 14. Nxc6 {[%clk 1:08:35]} bxc6 {[%clk 0:58:15]}
15. Rac1 {[%clk 1:00:39]} a5 {[%clk 0:51:40]} 16. Qf3 {[%clk 0:54:20]} Ra7 {[%clk
0:49:28]} 17. Na2 {[%clk 0:37:10]} Rd7 {[%clk 0:43:34]} 18. Nxb4 {[%clk 0:37:10]}
Bxb4 {[%clk 0:43:47]} 19. Qxc6 {[%clk 0:26:16]} Rxd4 {[%clk 0:44:01]} 20. Be2
{[%clk 0:25:01]} Bd2 {[%clk 0:40:13]} 21. Bxd2 {[%clk 0:13:47]} Rxd2 {[%clk
0:40:32]} 22. Bf3 {[%clk 0:12:43]} h6 {[%clk 0:36:41]} 23. h3 {[%clk 0:10:51]}
Qd4 {[%clk 0:34:12]} 24. Rxd2 {[%clk 0:11:19]} Qxd2 {[%clk 0:34:34]} 25. Qc3
{[%clk 0:10:16]} Qxc3 {[%clk 0:24:41]} 26. Rxc3 {[%clk 0:10:32]} Rb8 {[%clk
0:24:54]} 27. b3 {[%clk 0:08:35]} Kf8 {[%clk 0:19:45]} 28. Kf1 {[%clk 0:06:32]}
g5 {[%clk 0:16:55]} 29. Ke1 {[%clk 0:04:32]} Rb6 {[%clk 0:13:41]} 30. Kd2 {[%clk
0:03:03]} Ra6 {[%clk 0:10:40]} 31. Rc7 {[%clk 0:01:37]} h5 {[%clk 0:10:49]} 32.
Kc3 {[%clk 0:01:06]} g4 {[%clk 0:08:48]} 33. hxg4 {[%clk 0:01:03]} hxg4 {[%clk
0:09:15]} 34. Bc6 {[%clk 0:01:10]} Rb6 {[%clk 0:09:32]} 35. Ba8 {[%clk 0:00:46]}
Ra6 {[%clk 0:08:48]} 36. Bc6 {[%clk 0:00:59]} Rb6 {[%clk 0:09:11]} 37. g3 {[%clk
0:01:21]} e5 {[%clk 0:07:12]} 38. Bg2 {[%clk 0:01:24]} e4 {[%clk 0:06:45]} 39.
Rc5 {[%clk 0:01:18]} Re6 {[%clk 0:01:47]} 40. Kd2 {[%clk 0:30:34]} Rd6+ {[%clk
0:31:35]} 41. Kc2 {[%clk 0:27:05]} Re6 {[%clk 0:29:19]} 42. Rxa5 {[%clk 0:24:56]}
e3 {[%clk 0:29:39]} 43. fxe3 {[%clk 0:25:20]} Rxe3 {[%clk 0:30:08]} 44. Bb7
{[%clk 0:20:57]} Rxg3 {[%clk 0:28:53]} 45. Rg5 {[%clk 0:20:54]} Nh7 {[%clk
0:12:05]} 46. Re5 {[%clk 0:14:51]} Rg1 {[%clk 0:11:55]} 47. Kb2 {[%clk 0:14:57]}
g3 {[%clk 0:10:20]} 48. Re2 {[%clk 0:15:22]} Nf6 {[%clk 0:05:33]} 49. a5 {[%clk
0:15:28]} Nd7 {[%clk 0:05:32]} 50. a6 {[%clk 0:15:08]} Nb6 {[%clk 0:04:24]} 51.
a7 {[%clk 0:12:48]} Rf1 {[%clk 0:04:15]} 52. a8Q+ {[%clk 0:11:36]} Nxa8 {[%clk
0:04:37]} 53. Bxa8 {[%clk 0:12:02]} f5 {[%clk 0:04:53]} 54. Bg2 {[%clk 0:12:08]}
Rd1 {[%clk 0:04:23]} 55. b4 {[%clk 0:12:18]} Kf7 {[%clk 0:04:13]} 56. b5 {[%clk
0:10:59]} Rd6 {[%clk 0:03:35]} 57. Kc3 {[%clk 0:10:45]} Kf6 {[%clk 0:03:54]} 58.
Rb2 {[%clk 0:10:35]} 1-0

[Event "Baku Chess Olympiad | Open"]
[Site "chess24.com"]
[Date "2016.09.12"]
[Round "10"]
[White "Marjanovic, Dejan"]
[Black "Foo, Zhi Rong Benjamin"]
[Result "1-0"]
[Board "4"]
[WhiteID "14402661"]
[WhiteElo "2432"]
[WhiteTitle "FM"]
[WhiteCountry "BIH"]
[WhiteFideId "14402661"]
[WhiteEloChange "2"]
[BlackID "5801664"]
[BlackElo "2233"]
[BlackCountry "SIN"]
[BlackFideId "5801664"]
[BlackEloChange "-5"]

1. d4 {[%clk 1:30:56]} Nf6 {[%clk 1:30:57]} 2. Nf3 {[%clk 1:31:06]} c5 {[%clk
1:31:12]} 3. d5 {[%clk 1:31:07]} e6 {[%clk 1:31:37]} 4. c4 {[%clk 1:31:07]} b5
{[%clk 1:30:18]} 5. e4 {[%clk 1:31:26]} Nxe4 {[%clk 1:30:26]} 6. Bd3 {[%clk
1:31:45]} Nf6 {[%clk 1:30:45]} 7. O-O {[%clk 1:31:32]} bxc4 {[%clk 1:29:56]} 8.
Bxc4 {[%clk 1:31:32]} Ba6 {[%clk 1:28:58]} 9. Bxa6 {[%clk 1:25:00]} Nxa6 {[%clk
1:28:58]} 10. Bg5 {[%clk 0:54:12]} Qc8 {[%clk 1:25:30]} 11. Nc3 {[%clk 0:49:51]}
Be7 {[%clk 1:24:21]} 12. d6 {[%clk 0:46:51]} Bd8 {[%clk 1:23:21]} 13. Ne5 {[%clk
0:46:36]} O-O {[%clk 1:20:46]} 14. Qf3 {[%clk 0:46:36]} Nb4 {[%clk 1:16:45]} 15.
Rac1 {[%clk 0:36:13]} Rb8 {[%clk 1:06:28]} 16. b3 {[%clk 0:29:23]} Qb7 {[%clk
0:51:30]} 17. Qxb7 {[%clk 0:20:56]} Rxb7 {[%clk 0:51:55]} 18. Na4 {[%clk
0:19:06]} Ne4 {[%clk 0:42:54]} 19. Bxd8 {[%clk 0:12:37]} Rxd8 {[%clk 0:43:11]}
20. Rfd1 {[%clk 0:10:19]} f6 {[%clk 0:42:53]} 21. Nd3 {[%clk 0:07:27]} Nd5 {[%clk
0:34:52]} 22. Ndxc5 {[%clk 0:06:35]} Nxc5 {[%clk 0:35:04]} 23. Rxc5 {[%clk
0:06:58]} Nb6 {[%clk 0:22:35]} 24. Rc7 {[%clk 0:06:27]} Rdb8 {[%clk 0:22:12]} 25.
Nxb6 {[%clk 0:06:18]} axb6 {[%clk 0:22:34]} 26. Rdc1 {[%clk 0:05:53]} b5 {[%clk
0:18:27]} 27. Kf1 {[%clk 0:04:36]} Kf7 {[%clk 0:14:54]} 28. Rxb7 {[%clk 0:04:51]}
Rxb7 {[%clk 0:15:23]} 29. Rc7 {[%clk 0:05:06]} Rb6 {[%clk 0:13:40]} 30. Rxd7+
{[%clk 0:05:35]} Kf8 {[%clk 0:13:54]} 31. a3 {[%clk 0:04:41]} h5 {[%clk 0:09:50]}
32. Ke2 {[%clk 0:04:28]} e5 {[%clk 0:09:59]} 33. Ke3 {[%clk 0:04:16]} Ke8 {[%clk
0:09:01]} 34. Rxg7 {[%clk 0:04:14]} Rxd6 {[%clk 0:09:29]} 35. Rb7 {[%clk
0:04:25]} Ra6 {[%clk 0:08:55]} 36. Rxb5 {[%clk 0:04:31]} Rxa3 {[%clk 0:09:22]}
37. Rb7 {[%clk 0:04:45]} f5 {[%clk 0:09:46]} 38. Rb5 {[%clk 0:05:02]} Kf7 {[%clk
0:10:08]} 39. Rxe5 {[%clk 0:04:54]} Rxb3+ {[%clk 0:10:28]} 40. Kf4 {[%clk
0:34:09]} Rb2 {[%clk 0:39:53]} 41. Kg5 {[%clk 0:32:06]} f4 {[%clk 0:36:00]} 42.
Rf5+ {[%clk 0:32:30]} Ke6 {[%clk 0:35:52]} 43. Rf6+ {[%clk 0:32:36]} Ke5 {[%clk
0:35:58]} 44. Rxf4 {[%clk 0:32:36]} Rb8 {[%clk 0:36:21]} 45. g3 {[%clk 0:32:47]}
h4 {[%clk 0:35:05]} 46. Kxh4 {[%clk 0:32:53]} Rh8+ {[%clk 0:35:30]} 47. Kg4
{[%clk 0:33:19]} Rxh2 {[%clk 0:35:57]} 48. Rf8 {[%clk 0:33:41]} Rh7 {[%clk
0:36:10]} 49. f4+ {[%clk 0:34:02]} Ke6 {[%clk 0:36:36]} 50. f5+ {[%clk 0:33:44]}
Ke5 {[%clk 0:36:30]} 51. Re8+ {[%clk 0:34:07]} Kf6 {[%clk 0:36:56]} 52. Re6+
{[%clk 0:34:29]} Kf7 {[%clk 0:37:23]} 53. Ra6 {[%clk 0:34:52]} Rh8 {[%clk
0:36:14]} 54. Kf4 {[%clk 0:35:16]} Rb8 {[%clk 0:36:18]} 55. g4 {[%clk 0:35:41]}
Rb4+ {[%clk 0:36:40]} 56. Kg5 {[%clk 0:36:06]} Rb7 {[%clk 0:36:40]} 57. Rh6
{[%clk 0:35:59]} Kg7 {[%clk 0:36:49]} 58. f6+ {[%clk 0:35:35]} Kg8 {[%clk
0:37:15]} 59. Rh2 {[%clk 0:34:40]} Ra7 {[%clk 0:37:18]} 60. Kf5 {[%clk 0:35:04]}
Ra5+ {[%clk 0:37:09]} 61. Kg6 {[%clk 0:35:17]} Ra7 {[%clk 0:37:24]} 62. g5 {[%clk
0:35:05]} Rg7+ {[%clk 0:37:37]} 63. Kf5 {[%clk 0:35:29]} Ra7 {[%clk 0:37:58]} 64.
Re2 {[%clk 0:35:51]} Ra5+ {[%clk 0:36:57]} 65. Re5 {[%clk 0:36:15]} Ra1 {[%clk
0:36:43]} 66. Re8+ {[%clk 0:36:32]} Kf7 {[%clk 0:37:05]} 67. Re7+ {[%clk
0:36:57]} Kf8 {[%clk 0:37:22]} 68. Rb7 {[%clk 0:37:11]} Ra8 {[%clk 0:35:59]} 69.
Kg6 {[%clk 0:37:30]} Kg8 {[%clk 0:35:55]} 70. Rg7+ {[%clk 0:37:56]} 1-0

[Event "Baku Chess Olympiad | Open"]
[Site "chess24.com"]
[Date "2016.09.12"]
[Round "10"]
[White "Sadorra, Julio Catalino"]
[Black "Greet, Andrew N"]
[Result "1-0"]
[Board "1"]
[WhiteID "5201268"]
[WhiteElo "2560"]
[WhiteTitle "GM"]
[WhiteCountry "PHI"]
[WhiteFideId "5201268"]
[WhiteEloChange "4"]
[BlackID "405817"]
[BlackElo "2455"]
[BlackTitle "IM"]
[BlackCountry "SCO"]
[BlackFideId "405817"]
[BlackEloChange "-4"]

1. d4 {[%clk 1:30:55]} d5 {[%clk 1:30:48]} 2. c4 {[%clk 1:31:12]} c6 {[%clk
1:31:12]} 3. cxd5 {[%clk 1:31:28]} cxd5 {[%clk 1:31:34]} 4. Bf4 {[%clk 1:31:53]}
Nc6 {[%clk 1:30:37]} 5. e3 {[%clk 1:32:17]} Nf6 {[%clk 1:29:46]} 6. Nc3 {[%clk
1:32:39]} Bf5 {[%clk 1:28:48]} 7. Qb3 {[%clk 1:32:39]} Na5 {[%clk 1:28:50]} 8.
Qa4+ {[%clk 1:33:03]} Bd7 {[%clk 1:29:08]} 9. Qc2 {[%clk 1:33:27]} e6 {[%clk
1:29:08]} 10. Bd3 {[%clk 1:33:42]} Be7 {[%clk 1:28:55]} 11. Nf3 {[%clk 1:33:57]}
Nc6 {[%clk 1:21:08]} 12. a3 {[%clk 1:33:50]} Nh5 {[%clk 1:21:04]} 13. Be5 {[%clk
1:26:45]} f6 {[%clk 1:12:36]} 14. Bf4 {[%clk 1:24:25]} g6 {[%clk 1:01:18]} 15.
Bxg6+ {[%clk 1:08:11]} hxg6 {[%clk 1:01:35]} 16. Qxg6+ {[%clk 1:08:39]} Kf8
{[%clk 1:01:56]} 17. Bh6+ {[%clk 1:09:06]} Rxh6 {[%clk 1:02:17]} 18. Qxh6+ {[%clk
1:09:33]} Ng7 {[%clk 1:02:35]} 19. h4 {[%clk 1:09:59]} Kg8 {[%clk 0:56:29]} 20.
Rh3 {[%clk 1:02:16]} Bf8 {[%clk 0:51:45]} 21. Ng5 {[%clk 0:53:21]} fxg5 {[%clk
0:51:23]} 22. hxg5 {[%clk 0:53:44]} Ne7 {[%clk 0:46:09]} 23. g6 {[%clk 0:52:31]}
Nxg6 {[%clk 0:45:39]} 24. Qxg6 {[%clk 0:43:16]} Qb6 {[%clk 0:31:53]} 25. O-O-O
{[%clk 0:29:37]} Bxa3 {[%clk 0:26:30]} 26. Qh7+ {[%clk 0:30:01]} Kf8 {[%clk
0:26:02]} 27. Qc2 {[%clk 0:25:48]} Bxb2+ {[%clk 0:22:32]} 28. Qxb2 {[%clk
0:26:09]} Qxb2+ {[%clk 0:22:51]} 29. Kxb2 {[%clk 0:26:37]} Kf7 {[%clk 0:21:30]}
30. Rdh1 {[%clk 0:26:31]} b5 {[%clk 0:21:11]} 31. Rf3+ {[%clk 0:25:27]} Kg8
{[%clk 0:20:54]} 32. Rfh3 {[%clk 0:23:04]} Kf7 {[%clk 0:20:41]} 33. Ne2 {[%clk
0:23:31]} b4 {[%clk 0:18:55]} 34. Rf3+ {[%clk 0:23:41]} Kg8 {[%clk 0:17:54]} 35.
Nf4 {[%clk 0:24:05]} Rf8 {[%clk 0:14:40]} 36. Rh8+ {[%clk 0:21:40]} Kxh8 {[%clk
0:15:04]} 37. Ng6+ {[%clk 0:22:09]} Kg8 {[%clk 0:15:18]} 38. Rxf8+ {[%clk
0:22:30]} Kh7 {[%clk 0:15:42]} 39. Rd8 {[%clk 0:22:55]} Bb5 {[%clk 0:14:55]} 40.
Nf8+ {[%clk 0:52:56]} Kh6 {[%clk 0:44:53]} 41. Nxe6 {[%clk 0:50:35]} 1-0

[Event "Baku Chess Olympiad | Open"]
[Site "chess24.com"]
[Date "2016.09.12"]
[Round "10"]
[White "Shaw, John"]
[Black "Gomez, John Paul"]
[Result "0-1"]
[Board "2"]
[WhiteID "2400553"]
[WhiteElo "2454"]
[WhiteTitle "GM"]
[WhiteCountry "SCO"]
[WhiteFideId "2400553"]
[WhiteEloChange "-4"]
[BlackID "5201381"]
[BlackElo "2492"]
[BlackTitle "GM"]
[BlackCountry "PHI"]
[BlackFideId "5201381"]
[BlackEloChange "4"]

1. e4 {[%clk 1:30:56]} e6 {[%clk 1:30:24]} 2. d4 {[%clk 1:30:55]} d5 {[%clk
1:30:44]} 3. Nd2 {[%clk 1:30:15]} Nf6 {[%clk 1:30:53]} 4. e5 {[%clk 1:30:37]}
Nfd7 {[%clk 1:31:18]} 5. Bd3 {[%clk 1:30:42]} c5 {[%clk 1:31:34]} 6. c3 {[%clk
1:31:09]} Nc6 {[%clk 1:31:57]} 7. Ne2 {[%clk 1:31:34]} a5 {[%clk 1:32:16]} 8. O-O
{[%clk 1:29:49]} a4 {[%clk 1:32:35]} 9. f4 {[%clk 1:26:42]} a3 {[%clk 1:32:52]}
10. b3 {[%clk 1:10:29]} cxd4 {[%clk 1:32:33]} 11. Nxd4 {[%clk 1:08:50]} Nc5
{[%clk 1:32:51]} 12. Bc2 {[%clk 1:03:30]} Nxd4 {[%clk 1:32:57]} 13. cxd4 {[%clk
1:03:54]} Na6 {[%clk 1:33:16]} 14. Nf3 {[%clk 0:52:54]} Nb4 {[%clk 1:33:23]} 15.
Bd2 {[%clk 0:42:54]} Nxc2 {[%clk 1:32:43]} 16. Qxc2 {[%clk 0:43:14]} Be7 {[%clk
1:32:33]} 17. Rfc1 {[%clk 0:33:50]} Bd7 {[%clk 1:31:04]} 18. Qd3 {[%clk 0:28:57]}
h6 {[%clk 1:29:59]} 19. Rc2 {[%clk 0:27:53]} O-O {[%clk 1:21:18]} 20. Rac1 {[%clk
0:28:02]} Bc6 {[%clk 1:21:09]} 21. Qe3 {[%clk 0:18:23]} Kh8 {[%clk 1:14:45]} 22.
h3 {[%clk 0:16:21]} Qb6 {[%clk 1:11:24]} 23. Be1 {[%clk 0:16:26]} Rfc8 {[%clk
1:07:39]} 24. Bh4 {[%clk 0:15:29]} Bb4 {[%clk 1:05:52]} 25. Be1 {[%clk 0:14:53]}
Bf8 {[%clk 1:05:28]} 26. Kf2 {[%clk 0:13:23]} Qd8 {[%clk 1:03:42]} 27. Bd2 {[%clk
0:13:29]} Bb5 {[%clk 1:00:40]} 28. Rxc8 {[%clk 0:11:15]} Rxc8 {[%clk 1:00:54]}
29. Rxc8 {[%clk 0:11:22]} Qxc8 {[%clk 1:01:13]} 30. Ne1 {[%clk 0:11:44]} Be7
{[%clk 0:56:37]} 31. Qc3 {[%clk 0:11:05]} Qe8 {[%clk 0:55:48]} 32. Qa5 {[%clk
0:10:24]} f6 {[%clk 0:42:55]} 33. Bb4 {[%clk 0:09:30]} Bd8 {[%clk 0:42:07]} 34.
Qxa3 {[%clk 0:09:12]} fxe5 {[%clk 0:41:16]} 35. fxe5 {[%clk 0:08:46]} Ba6 {[%clk
0:35:19]} 36. Bd2 {[%clk 0:06:53]} Bh4+ {[%clk 0:34:15]} 37. g3 {[%clk 0:05:40]}
Be7 {[%clk 0:34:11]} 38. Qc1 {[%clk 0:02:24]} Qf8+ {[%clk 0:26:22]} 39. Nf3
{[%clk 0:02:18]} Bd3 {[%clk 0:26:30]} 40. Qc3 {[%clk 0:31:01]} Be4 {[%clk
0:54:52]} 41. Bc1 {[%clk 0:25:51]} Qf5 {[%clk 0:46:50]} 42. g4 {[%clk 0:16:19]}
Bh4+ {[%clk 0:46:09]} 43. Ke2 {[%clk 0:16:40]} Bxf3+ {[%clk 0:46:25]} 44. Qxf3
{[%clk 0:17:06]} Qc2+ {[%clk 0:46:24]} 45. Bd2 {[%clk 0:17:35]} Bg5 {[%clk
0:46:04]} 46. Qc3 {[%clk 0:12:38]} Qxa2 {[%clk 0:46:22]} 47. Kd3 {[%clk 0:01:41]}
Qb1+ {[%clk 0:41:07]} 48. Ke2 {[%clk 0:02:05]} Qa2 {[%clk 0:36:54]} 49. Kd3
{[%clk 0:02:32]} Qa6+ {[%clk 0:36:25]} 50. Kc2 {[%clk 0:03:00]} Qe2 {[%clk
0:36:29]} 51. Kc1 {[%clk 0:03:05]} Bxd2+ {[%clk 0:35:12]} 52. Qxd2 {[%clk
0:03:25]} Qf1+ {[%clk 0:35:21]} 53. Kb2 {[%clk 0:02:44]} Qxh3 {[%clk 0:34:17]}
54. Qf4 {[%clk 0:02:34]} Qg2+ {[%clk 0:31:25]} 55. Kc3 {[%clk 0:02:58]} Qe4
{[%clk 0:29:52]} 56. Qg3 {[%clk 0:00:56]} Kh7 {[%clk 0:29:34]} 57. Qg1 {[%clk
0:01:10]} Kg6 {[%clk 0:29:18]} 58. Kb4 {[%clk 0:01:34]} Kg5 {[%clk 0:28:51]} 59.
Kc5 {[%clk 0:01:41]} Qxg4 {[%clk 0:28:31]} 60. Qe3+ {[%clk 0:01:58]} Kg6 {[%clk
0:28:10]} 61. Kb6 {[%clk 0:02:22]} h5 {[%clk 0:28:28]} 62. Kxb7 {[%clk 0:02:33]}
h4 {[%clk 0:28:53]} 63. b4 {[%clk 0:02:16]} h3 {[%clk 0:27:44]} 64. Qd3+ {[%clk
0:02:34]} Kh6 {[%clk 0:22:09]} 65. b5 {[%clk 0:02:41]} Qg2 {[%clk 0:21:42]} 66.
Qe3+ {[%clk 0:03:00]} g5 {[%clk 0:19:14]} 67. Qa3 {[%clk 0:03:24]} h2 {[%clk
0:19:08]} 68. Qf8+ {[%clk 0:02:00]} Kh5 {[%clk 0:19:25]} 69. Qf7+ {[%clk
0:01:23]} Kh4 {[%clk 0:19:45]} 70. Qxe6 {[%clk 0:01:18]} h1Q {[%clk 0:20:05]} 71.
Qh6+ {[%clk 0:01:26]} Kg4 {[%clk 0:20:29]} 72. Qe6+ {[%clk 0:01:52]} Kg3 {[%clk
0:20:42]} 0-1

[Event "Baku Chess Olympiad | Open"]
[Site "chess24.com"]
[Date "2016.09.12"]
[Round "10"]
[White "Torre, Eugenio"]
[Black "Gourlay, Iain"]
[Result "1-0"]
[Board "3"]
[WhiteID "5200016"]
[WhiteElo "2447"]
[WhiteTitle "GM"]
[WhiteCountry "PHI"]
[WhiteFideId "5200016"]
[WhiteEloChange "4"]
[BlackID "2401533"]
[BlackElo "2393"]
[BlackTitle "FM"]
[BlackCountry "SCO"]
[BlackFideId "2401533"]
[BlackEloChange "-8"]

1. d4 {[%clk 1:30:44]} d5 {[%clk 1:30:46]} 2. Bf4 {[%clk 1:30:43]} c5 {[%clk
1:30:21]} 3. e3 {[%clk 1:30:57]} Nc6 {[%clk 1:29:29]} 4. c3 {[%clk 1:27:26]} Nf6
{[%clk 1:28:05]} 5. Nd2 {[%clk 1:27:32]} e6 {[%clk 1:27:44]} 6. Ngf3 {[%clk
1:27:27]} Bd6 {[%clk 1:26:50]} 7. dxc5 {[%clk 1:20:10]} Bxc5 {[%clk 1:25:21]} 8.
Bd3 {[%clk 1:20:28]} O-O {[%clk 1:17:16]} 9. O-O {[%clk 1:19:10]} Re8 {[%clk
1:04:00]} 10. e4 {[%clk 1:13:19]} e5 {[%clk 0:57:07]} 11. Bg5 {[%clk 1:11:02]}
dxe4 {[%clk 0:41:56]} 12. Nxe4 {[%clk 1:05:12]} Be7 {[%clk 0:41:36]} 13. Bxf6
{[%clk 1:03:20]} Bxf6 {[%clk 0:40:48]} 14. Qc2 {[%clk 1:02:27]} g6 {[%clk
0:35:27]} 15. Rad1 {[%clk 1:00:33]} Qe7 {[%clk 0:34:52]} 16. Bc4 {[%clk 0:49:33]}
Bf5 {[%clk 0:29:24]} 17. Rfe1 {[%clk 0:44:19]} Rad8 {[%clk 0:24:36]} 18. Bd5
{[%clk 0:38:34]} Be6 {[%clk 0:13:46]} 19. Bxc6 {[%clk 0:30:56]} bxc6 {[%clk
0:14:12]} 20. Nxf6+ {[%clk 0:30:11]} Qxf6 {[%clk 0:14:36]} 21. Rxd8 {[%clk
0:30:34]} Rxd8 {[%clk 0:12:45]} 22. Nxe5 {[%clk 0:27:26]} Bxa2 {[%clk 0:11:03]}
23. h3 {[%clk 0:22:14]} Re8 {[%clk 0:08:19]} 24. Qe4 {[%clk 0:22:26]} Qd6 {[%clk
0:05:38]} 25. Re3 {[%clk 0:12:35]} Bd5 {[%clk 0:04:02]} 26. Qf4 {[%clk 0:11:47]}
Rb8 {[%clk 0:02:31]} 27. b4 {[%clk 0:11:32]} Re8 {[%clk 0:02:00]} 28. Nxg6 {[%clk
0:11:10]} Qd8 {[%clk 0:01:27]} 29. Ne5 {[%clk 0:11:17]} Be6 {[%clk 0:00:37]} 30.
Rg3+ {[%clk 0:11:17]} Kf8 {[%clk 0:00:41]} 31. Qh6+ {[%clk 0:11:22]} Ke7 {[%clk
0:01:06]} 32. Nxc6+ {[%clk 0:11:39]} 1-0

[Event "Baku Chess Olympiad | Open"]
[Site "chess24.com"]
[Date "2016.09.12"]
[Round "10"]
[White "Berry, Neil"]
[Black "Barcenilla, Rogelio"]
[Result "0-1"]
[Board "4"]
[WhiteID "2400650"]
[WhiteElo "2315"]
[WhiteTitle "FM"]
[WhiteCountry "SCO"]
[WhiteFideId "2400650"]
[WhiteEloChange "-6"]
[BlackID "5200059"]
[BlackElo "2455"]
[BlackTitle "GM"]
[BlackCountry "PHI"]
[BlackFideId "5200059"]
[BlackEloChange "3"]

1. d4 {[%clk 1:30:53]} Nf6 {[%clk 1:30:53]} 2. c4 {[%clk 1:31:11]} g6 {[%clk
1:31:15]} 3. Nc3 {[%clk 1:31:01]} Bg7 {[%clk 1:31:39]} 4. e4 {[%clk 1:31:18]} d6
{[%clk 1:32:04]} 5. Nf3 {[%clk 1:31:16]} O-O {[%clk 1:32:26]} 6. Be2 {[%clk
1:31:26]} e5 {[%clk 1:32:50]} 7. d5 {[%clk 1:31:16]} a5 {[%clk 1:33:08]} 8. Bg5
{[%clk 1:30:49]} h6 {[%clk 1:33:27]} 9. Be3 {[%clk 1:30:15]} Ng4 {[%clk 1:33:27]}
10. Bd2 {[%clk 1:29:36]} f5 {[%clk 1:33:31]} 11. h3 {[%clk 1:28:29]} Nf6 {[%clk
1:33:41]} 12. exf5 {[%clk 1:28:05]} gxf5 {[%clk 1:34:05]} 13. Qc1 {[%clk
1:27:21]} f4 {[%clk 1:33:02]} 14. g3 {[%clk 1:26:39]} e4 {[%clk 1:25:54]} 15. Nh4
{[%clk 1:26:12]} e3 {[%clk 1:25:44]} 16. fxe3 {[%clk 1:26:10]} fxg3 {[%clk
1:26:00]} 17. Ng6 {[%clk 1:25:48]} g2 {[%clk 1:24:11]} 18. Rg1 {[%clk 1:25:41]}
Bxh3 {[%clk 1:23:54]} 19. Nxf8 {[%clk 1:22:20]} Qxf8 {[%clk 1:21:41]} 20. Qc2
{[%clk 1:21:54]} Ng4 {[%clk 1:20:15]} 21. O-O-O {[%clk 1:19:12]} Nf2 {[%clk
1:18:38]} 22. Be1 {[%clk 1:17:50]} Nxd1 {[%clk 1:17:27]} 23. Nxd1 {[%clk
1:17:18]} Na6 {[%clk 1:14:23]} 24. Nf2 {[%clk 0:56:09]} Nb4 {[%clk 1:11:46]} 25.
Qb3 {[%clk 0:46:27]} Bf5 {[%clk 0:55:14]} 26. e4 {[%clk 0:35:24]} Re8 {[%clk
0:50:55]} 27. Rxg2 {[%clk 0:30:21]} Bxe4 {[%clk 0:49:10]} 28. Nxe4 {[%clk
0:25:59]} Qf4+ {[%clk 0:40:58]} 29. Nd2 {[%clk 0:15:37]} Re3 {[%clk 0:41:20]} 30.
Bg3 {[%clk 0:12:57]} Qf5 {[%clk 0:32:03]} 31. Qa4 {[%clk 0:04:49]} Qf6 {[%clk
0:31:58]} 32. Kd1 {[%clk 0:02:52]} Qxb2 {[%clk 0:32:11]} 33. Ke1 {[%clk 0:01:55]}
Nd3+ {[%clk 0:31:07]} 34. Kf1 {[%clk 0:01:48]} Qxd2 {[%clk 0:31:30]} 35. Qd1
{[%clk 0:00:48]} Qc3 {[%clk 0:31:16]} 36. Bg4 {[%clk 0:00:38]} Nb2 {[%clk
0:30:50]} 37. Rxb2 {[%clk 0:00:34]} Qxb2 {[%clk 0:30:42]} 38. Be6+ {[%clk
0:00:51]} Kf8 {[%clk 0:29:10]} 39. Qg4 {[%clk 0:00:43]} Qf6+ {[%clk 0:29:14]} 40.
Kg2 {[%clk 0:30:43]} Qg5 {[%clk 0:59:26]} 0-1